Statistics for Capital Cities Chain

Click here to take the quiz!

General Stats

  • This quiz has been taken 54,493 times
  • The average score is 13 of 22

Answer Stats

HintCity% Correct
Has canals and a red light districtAmsterdam
94%
Largest city in ScandinaviaStockholm
84%
Capital of BelarusMinsk
81%
Birthplace of democracyAthens
78%
Where Samsung is headquartedSeoul
77%
Southernmost national capital cityWellington
75%
Napoleon conquered it, brieflyMoscow
72%
Sigmund Freud practiced hereVienna
71%
Near the border of Ontario and QuebecOttawa
69%
Located on the Dnieper RiverKyiv
64%
Founded by Francisco PizarroLima
56%
Near the ancient city of CarthageTunis
53%
Coldest national capital;
its name means "Red Hero"
Ulaanbaatar
51%
Closest capital city to MiamiNassau
50%
Where Mohammed bin Salman livesRiyadh
50%
War-torn city of the LevantDamascus
49%
Location of the Tropicana nightclub Havana
47%
Relatively liberal Middle Eastern cityAmman
44%
Has an urban game reserveNairobi
43%
Twin city of RawalpindiIslamabad
37%
Hosted the 1984 Winter OlympicsSarajevo
34%
Has a giant gold statue of former
tyrant "Türkmenbaşy"
Ashgabat
30%

Score Distribution

Percentile by Number Answered

Percent of People with Each Score

Your Score History

You have not taken this quiz